| 000 | 00000nam 2200000za 4500 |
| 001 | 9.593543 |
| 003 | CaOODSP |
| 005 | 20221123120943 |
| 007 | cr ||||||||||| |
| 008 | 150406s2006||||onc ||||o f000 0 fre d |
| 040 | |aCaOODSP|bfre |
| 043 | |an-cn--- |
| 086 | 1 |aYM32-5/06-12F-PDF |
| 100 | 1 |aKoerner, Wolfgang. |
| 245 | 10|aRéforme du secteur de la sécurité |h[ressource électronique] : |bla diplomatie de la défense / |cWolfgang Koerner. |
| 260 | |a[Ottawa] : |bService d'information et de recherche parlementaires, Bibliothèque du Parlement, |c2006. |
| 300 | |a[3] p. |
| 490 | 1 |aEn bref ; |vPRB 06-12F |
| 500 | |aTitre de depart. |
| 500 | |a« Le 17 mail 2006 ». |
| 500 | |aPublié aussi en anglais sous le titre : Security sector reform : defence diplomacy. |
| 504 | |aComprend des réf. bibliogr. |
| 590 | |a06-28|b2006-07-14 |
| 691 | 07|aPolitique de défense|2gcpds |
| 691 | 07|aSécurité nationale|2gcpds |
| 710 | 1 |aCanada. |bService d'information et de recherche parlementaires. |
| 775 | 08|tSecurity sector reform : |w(CaOODSP)9.560898 |
| 830 | #0|aEn bref (Canada. Service d'information et de recherche parlementaires)|vPRB 06-12F|w(CaOODSP)9.501314 |
| 856 | 40|ahttp://publications.gc.ca|qPDF|s57 Ko|uhttps://publications.gc.ca/collections/Collection-R/LoPBdP/EB-f/prb0612-f.pdf|yPRB 06-12F |